Khoa học 5

Gardado en:
Detalles Bibliográficos
Autor Principal: Bùi, Phương Nga
Outros autores: Lương, Việt Thái
Formato: Libro
Idioma:Undetermined
Publicado: H. Giáo dục 2009
Những chủ đề:
Acceso en liña:http://lrc.tdmu.edu.vn/opac/search/detail.asp?aID=2&ID=4577
Các nhãn: Engadir etiqueta
Sen Etiquetas, Sexa o primeiro en etiquetar este rexistro!
Thư viện lưu trữ: Trung tâm Học liệu Trường Đại học Thủ Dầu Một
LEADER 00583nam a2200205Ia 4500
001 TDMU_4577
008 210410s9999 xx 000 0 und d
082 |a 372.35 
090 |b B510 
100 |a Bùi, Phương Nga 
245 0 |a Khoa học 5 
245 0 |c Bùi Phương Nga 
260 |a H. 
260 |b Giáo dục 
260 |c 2009 
300 |a 148tr 
650 |a Sách lớp 5 
700 |a Lương, Việt Thái 
856 |u http://lrc.tdmu.edu.vn/opac/search/detail.asp?aID=2&ID=4577 
980 |a Trung tâm Học liệu Trường Đại học Thủ Dầu Một